000 01170nam a2200265 a 4500
001 ASIN0230521800
005 20170105102903.0
008 131021s2007 xxu eng d
020 _a0230521800 (paperback)
_c$43.00
020 _a9780230521803 (paperback)
040 _a0
050 0 4 _aJA71
082 0 4 _a320.5
100 1 _aHeywood, Andrew.
245 1 0 _aPolitical ideologies, fourth edition :
_ban introduction /
_cAndrew Heywood.
250 _a4th ed.
260 _a[S.l.] :
_bPalgrave Macmillan,
_c2007.
300 _a432 p. ;
_c24 cm.
520 _aThis revised and updated fourth edition of the leading text on political ideologies contains a new chapter on multiculturalism, consideration of the changing nature of ideological discourse, including the transition from "traditional" to "new" ideologies, and coverage of the impact on the major ideolgoical traditions of developments such as globalization and the "war on terror".
650 0 _aIdeology
650 0 _aPolitical science
650 0 _aRight and left (Political science)
856 4 0 _3Amazon.com
_uhttp://www.amazon.com/exec/obidos/ASIN/0230521800/chopaconline-20
942 _2ddc
_cBK
999 _c14757
_d14757